=LDR 00000nam 2200000 4500 =001 000567 =005 20250711125016 =035 ##$$a 0010-0725000435 =007 ta =008 250711################a##########0#ind## =020 ##$$a 978-623-118-849-6 =082 ##$$a 398.209 598 =084 ##$$a 398.209 598 DEW l =100 #$$a Utami panca dewi =245 1#$$a Lawa dan Tutu /$c Utami panca dewi =250 ##$$a Cetakan Kedua =260 ##$$a Rawamangun :$b Badan Pengembangan dan Pembinaan Bahasa,$c 2023 =300 ##$$a 28 hlm. : $b Ilus. ; $c 21x29,7 cm. =650 #4$$a Cerita Anak - Indonesia =650 #4$$a Kesusastraan Anak =856 ##$$a TBM AS SUHADA =990 ##$$a TBM03280328